Tutti gli Stati che hanno controllato Trieste - Statistics

Statistiche generali
  • Questo quiz è stato fatto 33 volte
  • Il punteggio medio è 22 su 32
Statistiche sulle risposte
con Immagini Hint Risposta % Corretto
27 a.C. - 395 Impero Romano
100%
395 - 476 Impero Romano d'Occidente
97%
115 a.C. - 27 a.C. Repubblica Romana
90%
552 - 568 Impero Bizantino
83%
1954 - Oggi Repubblica Italiana
83%
961 - 1369 / 1380 - 1797 / 1797 - 1805 Sacro Romano Impero
83%
1369 - 1380 Serenissima Repubblica di Venezia
83%
1805 - 1806 Primo Impero Francese
79%
1809 - 1813 Primo Impero Francese
79%
1945 Repubblica Socialista Federale di Jugoslavia
79%
(1285 - 1369) Comune Libero di Trieste
76%
(1380 - 1382) Comune Libero di Trieste
76%
1878 - 1918 Impero Austro-Ungarico
76%
800 - 843 Impero Carolingio
76%
1797 Primo Impero Francese
76%
1943 - 1945 Terzo Reich
76%
(1380 - 1797) Arciducato d'Austria
72%
(1797 - 1804) Arciducato d'Austria
72%
1918 - 1943 Regno d'Italia
72%
788 - 800 Regno dei Franchi
69%
1945 - 1947 Alleati (USA, UK)
62%
(1804 - 1805) Impero Austriaco
59%
1806 - 1809 Impero Austriaco
59%
1813 - 1867 Impero Austriaco
59%
568 - 788 Regno Longobardo
59%
493 - 552 Regno Ostrogoto
55%
1947 - 1954 Territorio Libero di Trieste
55%
400 a.C. - 115 a.C. Tribù dei Carni
52%
476 - 493 Regno di Odoacre
48%
843 - 855 Regno Lotaringio di Francia Media
45%
(1250 - 1285) Principato Patriarcale di Aquileia
41%
855 - 961 Regno Franco d'Italia
38%
Nessun quiz corrispondente trovato
Distribuzione punteggi
Percentuale di utenti per punteggio
Percentile per numero di risposta
I tuoi punteggi nel tempo
Non hai fatto questo quiz